000 00542nam a22002051c 4500
001 a987660502
008 080326s2001 gw |||| 000u rus d
041 _arus
100 1 _aKuznecov, I. S.
245 0 0 _aNa puti k "velikomu perelomu" :
_bLjudi i nravy sibirskoj derevni 1920-ch gg. : Psichologičeskie očerki
264 _aNovosibirsk :
_bGU,
_c2001
300 _a235 S.
650 0 _aLandwirtschaft
650 0 _aNEP
651 0 _aSibirien
942 _cMG
040 _cRU-10907106
003 RU-10907106
999 _c15565
_d15565
490 0 _aMonografii